[Event "ODJM B 2024"]
[Site "Willingen GER"]
[Date "2024.05.20"]
[Round "3"]
[White "Wilke, Ronja"]
[Black "Hoffmann, Svenja"]
[Result "1/2-1/2"]
[Termination "normal"]
[Board "57"]
[WhiteElo "1596"]
[BlackElo "1621"]
[WhiteClock "00:18:44"]
[BlackClock "00:21:24"]
[PlyCount "120"]
[WhiteFideId "16288378"]
[BlackFideId "16287312"]
[EventCountry "GER"]
[EventRounds "9"]
[EventType "swiss"]
[EventDate "2024.05.18"]

1. e4 {[%clk 01:30:58]} {[%emt 00:00:01]} e5 {[%clk 01:30:56]} {[%emt
00:00:05]} 2. Nf3 {[%clk 01:31:18]} {[%emt 00:00:09]} Nc6 {[%clk 01:31:20]}
{[%emt 00:00:07]} 3. Bc4 {[%clk 01:31:44]} {[%emt 00:00:04]} Bc5 {[%clk
01:31:39]} {[%emt 00:00:11]} 4. c3 {[%clk 01:31:40]} {[%emt 00:00:34]} Nf6
{[%clk 01:31:50]} {[%emt 00:00:19]} 5. d4 {[%clk 01:31:44]} {[%emt 00:00:26]}
exd4 {[%clk 01:32:10]} {[%emt 00:00:10]} 6. e5 {[%clk 01:31:58]} {[%emt
00:00:16]} d5 {[%clk 01:32:02]} {[%emt 00:00:38]} 7. Bb5 {[%clk 01:32:18]}
{[%emt 00:00:09]} Ne4 {[%clk 01:31:56]} {[%emt 00:00:38]} 8. cxd4 {[%clk
01:32:28]} {[%emt 00:00:19]} Bb4+ {[%clk 01:32:10]} {[%emt 00:00:16]} 9. Bd2
{[%clk 01:32:37]} {[%emt 00:00:21]} Bxd2+ {[%clk 01:32:23]} {[%emt 00:00:18]}
10. Nbxd2 {[%clk 01:32:57]} {[%emt 00:00:10]} Bd7 {[%clk 01:31:42]} {[%emt
00:01:10]} 11. Bd3 {[%clk 01:32:41]} {[%emt 00:00:45]} Bf5 {[%clk 01:29:31]}
{[%emt 00:02:42]} 12. Qc2 {[%clk 01:31:34]} {[%emt 00:01:37]} Nxd2 {[%clk
01:28:00]} {[%emt 00:02:01]} 13. Qxd2 {[%clk 01:31:44]} {[%emt 00:00:20]} Bg4
{[%clk 01:26:10]} {[%emt 00:02:20]} 14. Be2 {[%clk 01:31:37]} {[%emt 00:00:34]}
O-O {[%clk 01:25:42]} {[%emt 00:01:00]} 15. O-O {[%clk 01:31:14]} {[%emt
00:00:54]} f6 {[%clk 01:19:53]} {[%emt 00:06:20]} 16. exf6 {[%clk 01:29:06]}
{[%emt 00:02:37]} Qxf6 {[%clk 01:20:03]} {[%emt 00:00:20]} 17. Rad1 {[%clk
01:28:46]} {[%emt 00:00:45]} Rae8 {[%clk 01:14:29]} {[%emt 00:06:08]} 18. Kh1
{[%clk 01:23:51]} {[%emt 00:05:23]} Re4 {[%clk 01:08:03]} {[%emt 00:06:58]} 19.
h3 {[%clk 01:12:12]} {[%emt 00:12:10]} Bxf3 {[%clk 01:07:55]} {[%emt 00:00:38]}
20. Bxf3 {[%clk 01:12:28]} {[%emt 00:00:13]} Rxd4 {[%clk 01:07:38]} {[%emt
00:00:47]} 21. Qc2 {[%clk 01:08:33]} {[%emt 00:04:25]} Qd6 {[%clk 01:04:00]}
{[%emt 00:04:09]} 22. Qb3 {[%clk 01:03:47]} {[%emt 00:05:13]} Kh8 {[%clk
00:59:02]} {[%emt 00:05:32]} 23. Rde1 {[%clk 00:55:44]} {[%emt 00:08:31]} Ne5
{[%clk 00:54:11]} {[%emt 00:05:23]} 24. Re3 {[%clk 00:40:00]} {[%emt 00:16:13]}
c6 {[%clk 00:50:20]} {[%emt 00:04:20]} 25. Qc3 {[%clk 00:38:53]} {[%emt
00:01:37]} Nxf3 {[%clk 00:50:10]} {[%emt 00:00:40]} 26. Rxf3 {[%clk 00:39:08]}
{[%emt 00:00:15]} Rdf4 {[%clk 00:50:29]} {[%emt 00:00:11]} 27. Rg3 {[%clk
00:38:37]} {[%emt 00:01:01]} d4 {[%clk 00:50:45]} {[%emt 00:00:15]} 28. Qd2
{[%clk 00:38:27]} {[%emt 00:00:39]} c5 {[%clk 00:49:14]} {[%emt 00:02:02]} 29.
b3 {[%clk 00:37:43]} {[%emt 00:01:14]} b5 {[%clk 00:48:09]} {[%emt 00:01:35]}
30. Kg1 {[%clk 00:36:28]} {[%emt 00:01:44]} c4 {[%clk 00:48:16]} {[%emt
00:00:24]} 31. Qd1 {[%clk 00:34:49]} {[%emt 00:02:06]} d3 {[%clk 00:48:28]}
{[%emt 00:00:20]} 32. Qa1 {[%clk 00:33:25]} {[%emt 00:01:54]} R4f7 {[%clk
00:47:12]} {[%emt 00:01:47]} 33. Rd1 {[%clk 00:31:37]} {[%emt 00:01:56]} Qc5
{[%clk 00:46:28]} {[%emt 00:01:36]} 34. Rd2 {[%clk 00:29:35]} {[%emt 00:02:31]}
Re8 {[%clk 00:45:11]} {[%emt 00:01:47]} 35. Qc3 {[%clk 00:28:46]} {[%emt
00:01:19]} Qe5 {[%clk 00:40:44]} {[%emt 00:04:57]} 36. Qb4 {[%clk 00:21:49]}
{[%emt 00:07:27]} Qe1+ {[%clk 00:40:04]} {[%emt 00:01:10]} 37. Kh2 {[%clk
00:21:55]} {[%emt 00:00:24]} Rxf2 {[%clk 00:40:02]} {[%emt 00:00:33]} 38. Qc3
{[%clk 00:21:01]} {[%emt 00:01:23]} Re7 {[%clk 00:39:07]} {[%emt 00:01:25]} 39.
Rxf2 {[%clk 00:20:11]} {[%emt 00:01:19]} Qxf2 {[%clk 00:37:49]} {[%emt
00:01:49]} 40. bxc4 {[%clk 00:19:48]} {[%emt 00:00:53]} d2 {[%clk 00:29:43]}
{[%emt 00:08:36]} 41. cxb5 {[%clk 00:18:40]} {[%emt 00:01:39]} Rf7 {[%clk
00:29:01]} {[%emt 00:01:11]} 42. Rd3 {[%clk 00:17:58]} {[%emt 00:01:13]} Qf4+
{[%clk 00:27:23]} {[%emt 00:02:07]} 43. Kh1 {[%clk 00:18:05]} {[%emt 00:00:20]}
Qf1+ {[%clk 00:27:37]} {[%emt 00:00:18]} 44. Kh2 {[%clk 00:18:27]} {[%emt
00:00:09]} Qf4+ {[%clk 00:26:15]} {[%emt 00:01:52]} 45. Kh1 {[%clk 00:18:47]}
{[%emt 00:00:10]} h6 {[%clk 00:23:07]} {[%emt 00:03:38]} 46. Qxd2 {[%clk
00:18:56]} {[%emt 00:00:20]} Qf1+ {[%clk 00:23:21]} {[%emt 00:00:15]} 47. Kh2
{[%clk 00:18:58]} {[%emt 00:00:30]} Rf2 {[%clk 00:23:27]} {[%emt 00:00:24]} 48.
Rd8+ {[%clk 00:19:02]} {[%emt 00:00:26]} Kh7 {[%clk 00:23:12]} {[%emt
00:00:45]} 49. Qd3+ {[%clk 00:19:21]} {[%emt 00:00:12]} Qxd3 {[%clk 00:23:33]}
{[%emt 00:00:08]} 50. Rxd3 {[%clk 00:19:46]} {[%emt 00:00:05]} Rxa2 {[%clk
00:24:00]} {[%emt 00:00:03]} 51. Rb3 {[%clk 00:20:08]} {[%emt 00:00:09]} h5
{[%clk 00:23:35]} {[%emt 00:00:54]} 52. b6 {[%clk 00:20:15]} {[%emt 00:00:23]}
axb6 {[%clk 00:23:58]} {[%emt 00:00:08]} 53. Rxb6 {[%clk 00:20:34]} {[%emt
00:00:11]} g6 {[%clk 00:22:51]} {[%emt 00:01:36]} 54. Rb7+ {[%clk 00:20:37]}
{[%emt 00:00:27]} Kh6 {[%clk 00:23:15]} {[%emt 00:00:06]} 55. Rb6 {[%clk
00:20:40]} {[%emt 00:00:27]} h4 {[%clk 00:22:55]} {[%emt 00:00:50]} 56. Rb3
{[%clk 00:20:13]} {[%emt 00:00:58]} Kh5 {[%clk 00:22:28]} {[%emt 00:00:56]} 57.
Rb5+ {[%clk 00:20:33]} {[%emt 00:00:10]} g5 {[%clk 00:22:51]} {[%emt 00:00:07]}
58. Rf5 {[%clk 00:19:52]} {[%emt 00:01:05]} Kg6 {[%clk 00:22:39]} {[%emt
00:00:49]} 59. Rf1 {[%clk 00:19:40]} {[%emt 00:00:41]} Ra3 {[%clk 00:22:45]}
{[%emt 00:00:24]} 60. Rf2 {[%clk 00:18:44]} {[%emt 00:01:25]} Rg3 {[%clk
00:21:24]} {[%emt 00:01:20]} 1/2-1/2